| 000 | 00683nam a22002057a 4500 | ||
|---|---|---|---|
| 003 | OSt | ||
| 005 | 20220914222842.0 | ||
| 008 | 220914b |||||||| |||| 00| 0 eng d | ||
| 020 | _a84-7900-705-9 | ||
| 040 | _cBiblioteca Lado V | ||
| 082 |
_a779.942 _bC397c |
||
| 110 | _aCentro de Fotografía Universidad de Salamanca | ||
| 245 | _aCecilia Paredes/ | ||
| 260 |
_aEspaña _bEdiciones Universidad de Salamanca _c2003 |
||
| 300 |
_a35p. _c23x22xm |
||
| 650 |
_2Tesauro de Arte & Arquitectura _aFOTOGRAFIA |
||
| 650 |
_2Tesauro de Arte & Arquitectura _aFIGURA FEMENINA |
||
| 650 |
_2Tesauro de Arte & Arquitectura _aARTE |
||
| 942 |
_2ddc _c1 _h779.942 _iC397c _n0 |
||
| 999 |
_c2024 _d2024 |
||